| 000 | 00485nam a2200121Ia 4500 | ||
|---|---|---|---|
| 008 | 171212s9999 xx 000 0 und d | ||
| 020 | _a9780833045522 | ||
| 100 | _aMoroney, Jennifer D. P.;Hogler, Joe;Moroney, Jennifer D. P. | ||
| 245 |
_cMoroney, Jennifer D. P.;Hogler, Joe;Moroney, Jennifer D. P. _aBuilding Partner Capacity to Combat Weapons of Mass Destruction |
||
| 260 |
_bRAND Corporation _c2009 |
||
| 650 | _aPolitical Science | ||
| 856 | _uwww.jstor.org/stable/10.7249/mg783dtra | ||
| 999 |
_c351818 _d351818 |
||